Detalles MARC
| 000 -CABECERA |
| campo de control de longitud fija |
01603nam a2200229 a 4500 |
| 001 - NÚMERO DE CONTROL |
| campo de control |
000016746 |
| 005 - FECHA Y HORA DE LA ÚLTIMA TRANSACCIÓN |
| campo de control |
20200929164944.0 |
| 008 - DATOS DE LONGITUD FIJA--INFORMACIÓN GENERAL |
| campo de control de longitud fija |
100310t1956 dr 001 0 spa d |
| 040 ## - FUENTE DE LA CATALOGACIÓN |
| Centro catalogador/agencia de origen |
DO-SdBNP |
| Lengua de catalogación |
spa |
| Centro/agencia transcriptor |
BNPHU |
| 082 ## - NÚMERO DE LA CLASIFICACIÓN DECIMAL DEWEY |
| Número de clasificación |
344.7293 |
| Número de documento/Ítem |
R426l |
| 049 ## - FONDOS LOCALES (OCLC) |
| Fondos de biblioteca |
BNPD |
| 110 1# - ENTRADA PRINCIPAL--NOMBRE DE ENTIDAD CORPORATIVA |
| Nombre de entidad corporativa o nombre de jurisdicción como elemento de entrada |
República Dominicana. |
| 9 (RLIN) |
447 |
| 240 10 - TÍTULO UNIFORME |
| Título uniforme |
[Leyes, etc.] |
| 245 10 - MENCIÓN DE TÍTULO |
| Título |
Legislación sobre seguros. |
| 260 ## - PUBLICACIÓN, DISTRIBUCIÓN, ETC. |
| Lugar de publicación, distribución, etc. |
Ciudad Trujillo, República Dominicana : |
| Nombre del editor, distribuidor, etc. |
Secretaría de Estado de Finanzas, |
| Fecha de publicación, distribución, etc. |
1956. |
| 300 ## - DESCRIPCIÓN FÍSICA |
| Extensión |
48 p. ; |
| Dimensiones |
22 cm. |
| 505 0# - NOTA DE CONTENIDO CON FORMATO |
| Título |
Ley no. 3788, sobre Compañías de Seguros, de fecha 19 de marzo de 1954 -- |
| -- |
Reglamento no.136, para la aplicación de la misma -- |
| -- |
Ley no.116 sobre el impuesto establecido a las finanzas de las compañías de seguros -- |
| -- |
Reglamento no.7294 para ejercer la profesión de agente solicitador de seguros -- |
| -- |
Ley no.4117, de seguro obligatorios contra daños ocasionados por vehículos de motor -- |
| -- |
Ley no.4341 que modifica varios artículos de la ley no.4117 y deroga el artículo 6 de la misma -- |
| -- |
Decreto no.1339, que aprueba la tarifa de seguro obligatorio sobre vehículos de motor -- |
| Información miscelánea |
Datos sobre seguros -- |
| Título |
Relación de las compañías de seguros y aseguradores extranjeros autorizados por el poder ejecutivo para operar en el país, con datos relativos a la nacionalidad de las mismas, domicilio, finanzas, etc. |
| 650 #4 - PUNTO DE ACCESO ADICIONAL DE MATERIA--TÉRMINO DE MATERIA |
| Término de materia o nombre geográfico como elemento de entrada |
Seguridad social |
| Subdivisión general |
Legislación |
| Subdivisión geográfica |
República Dominicana |
| 9 (RLIN) |
14351 |
| 650 #4 - PUNTO DE ACCESO ADICIONAL DE MATERIA--TÉRMINO DE MATERIA |
| Término de materia o nombre geográfico como elemento de entrada |
Política social |
| Subdivisión geográfica |
República Dominicana |
| 9 (RLIN) |
11024 |
| 710 2# - PUNTO DE ACCESO ADICIONAL--NOMBRE DE ENTIDAD CORPORATIVA |
| Nombre de entidad corporativa o nombre de jurisdicción como elemento de entrada |
República Dominicana. |
| Unidad subordinada |
Secretaría de Estado de Finanzas |
| 9 (RLIN) |
32264 |
| 910 ## - DATOS DE OPCIÓN DEL USUARIO (OCLC) |
| Datos de opción del usuario |
Validado. Control de calidad EMS. |